00277 a2200109 4500001000700000020000600007040001100013100001700024240006100041245005600102362000900158170855 a  cMagnum aGinott, Haim10aPais e filhos: novas solucoes para velhos problemaslpor10aPais e filhos: novas solucoes para velhos problemas0 a1899